Cultural resources overview of the Las Vegas Valley /

Bibliographic Details
Main Author: Rafferty, Kevin A.
Corporate Author: United States. Bureau of Land Management. Stateline Resource Area
Other Authors: Zale, Thomas F.
Format: Book
Language:English
Published: Reno, Nev. : The Bureau, [1985]
Series:Contributions to the study of cultural resources. Technical report ; no. 13.
Subjects:

MARC

Tag First Indicator Second Indicator Subfields
LEADER 00000cam a2200000 a 4500
001 in00000020244
005 20151007053848.0
008 860127s1985 nvuab b f00010 eng d
035 |a (OCoLC)13069049 
035 |9 AAB3084AM 
040 |a UDD  |c UDD  |d UDI  |d m/c  |d TXA  |d UtOrBLW 
043 |a n-us-nv 
049 |a TXAM  |c [A11493700] 
050 4 |a E78.N4  |b U53 no. 13 
100 1 |a Rafferty, Kevin A. 
245 1 0 |a Cultural resources overview of the Las Vegas Valley /  |c by Kevin A. Rafferty ; edited by Thomas F. Zale (Stateline Resource Area, Las Vegas District, Bureau of Land Management). 
264 1 |a Reno, Nev. :  |b The Bureau,  |c [1985] 
300 |a iii, 71 pages :  |b illustrations, maps ;  |c 28 cm. 
336 |a text  |b txt  |2 rdacontent 
337 |a unmediated  |b n  |2 rdamedia 
338 |a volume  |b nc  |2 rdacarrier 
490 1 |a Contributions to the study of cultural resources. Technical report ;  |v no. 13 
500 |a "June 1985." 
504 |a Includes bibliographies. 
650 0 |a Indians of North America  |z Nevada  |z Las Vegas Valley  |x Antiquities. 
651 0 |a Nevada  |x Antiquities. 
651 0 |a Las Vegas Valley (Nev.)  |x Antiquities. 
700 1 |a Zale, Thomas F. 
710 1 |a United States.  |b Bureau of Land Management.  |b Stateline Resource Area. 
830 0 |a Contributions to the study of cultural resources.  |p Technical report ;  |v no. 13. 
999 |a MARS 
999 f f |s 49a3e9d0-467c-30db-bd12-0e2e48cb8eb1  |i 9243bfd7-c1c6-3e5d-9c65-ad4fe8a3525f  |t 0 
952 f f |p ric  |a Texas A&M University  |b Rellis Campus  |c Joint Library Facility  |d Remote Storage  |t 0  |e E78.N4 U53 no.13  |h Library of Congress classification  |i unmediated -- volume  |m A14811493700 
998 f f |a E78.N4 U53 no.13  |t 0  |l Remote Storage